Normal view
MARC view
- قصص مترجمة - خاتمة المأساة
Entry Topical Term
001 - CONTROL NUMBER
- control field: 17777
003 - CONTROL NUMBER IDENTIFIER
- control field: JO-AjAnu
005 - DATE AND TIME OF LATEST TRANSACTION
- control field: 20230606073132.0
008 - FIXED-LENGTH DATA ELEMENTS
- fixed length control field: 230606|| aca||aabn | a|a d
040 ## - CATALOGING SOURCE
- Original cataloging agency: JO-AjAnu
- Transcribing agency: JO-AjAnu
150 ## - HEADING--TOPICAL TERM
- Topical term or geographic name entry element: قصص مترجمة - خاتمة المأساة
670 ## - SOURCE DATA FOUND
- Source citation: Work cat.: (JO-AjAnu)9131: تأليف كريستي،أجاتا ؛ تعريب عمر عبد العزيز أمين, author 17776, خاتمة المأساة